000 00351nam a2200133Ia 4500
008 151001s9999||||xx |||||||||||||| ||und||
100 _aराकेश इंदूरखा
245 _aआग कि चोरी
250 _a1
260 _bसंतोष साहित्य
260 _c2007
300 _a16
365 _b21
999 _c990422
_d990419